000
00340nam a2200145Ia 4500
008
150301s2015 xx 000 0 und d
082
_a
615.1
_b
M09F
100
_a
FLOREMCE ALEXQNDER
245
_a
MODERN PHARMACEUTICAL -||
250
_a
5TH
260
_b
INFORMA HEALTH ARE
300
_a
540
650
_a
PHARMACEUTICS
942
_2
ddc
_c
BK
999
_c
7138
_d
7138